Statistiken für Gemeinden von Graz-Umgebung

Klicken Sie hier um das Quiz zu spielen!

Allgemein

  • Dieses Quiz wurde 248 mal gespielt
  • Das Durchschnittsergebnis liegt bei 18 aus 36

Antworten auf der Karte

Die Antworten werden auf der Karte rot bzw. grün angezeigt, abhängig davon wie oft sie richtig erraten wurden.
 

Antwortstatistiken

EinwohnerGemeinde% Korrekt
11.633Seiersberg-Pirka
87%
12.759Gratwein-Straßengel
84%
8.147Gratkorn
83%
2.385Thal
79%
6.847Feldkirchen bei Graz
78%
6.517Frohnleiten
74%
7.869Kalsdorf bei Graz
74%
4.705Raaba-Grambach
64%
4.421Deutschfeistritz
58%
2.794Laßnitzhöhe
58%
5.236Hart bei Graz
56%
2.051Übelbach
53%
2.132St. Radegund bei Graz
52%
5.311Lieboch
51%
6.451Premstätten
51%
4.178Gössendorf
47%
6.911Eggersdorf bei Graz
45%
7.259Hitzendorf
45%
3.593Hausmannstätten
44%
3.579Dobl-Zwaring
43%
3.909Kumberg
43%
2.338Peggau
43%
3.262Semriach
42%
2.667Nestelbach bei Graz
39%
1.645Wundschuh
39%
708Stiwoll
38%
2.453Werndorf
38%
1.259St. Oswald bei Plankenwarth
36%
4.894Fernitz-Mellach
35%
1.457St. Bartholomä
32%
3.731St. Marein bei Graz
30%
1.567Haselsdorf-Tobelbad
25%
2.739Weinitzen
23%
2.821Kainbach bei Graz
22%
2.982Stattegg
21%
4.643Vasoldsberg
21%

Verteilung der Resultate

Perzentil nach korrekt beantworteten Fragen

Anzahl Personen mit jedem Resultat

Ihre Resultats-Entwicklung

Sie haben dieses Quiz noch nicht gespielt